| Record ID | ia:starofredemptio00rose |
| Source | Internet Archive |
| Download MARC XML | https://archive.org/download/starofredemptio00rose/starofredemptio00rose_marc.xml |
| Download MARC binary | https://www.archive.org/download/starofredemptio00rose/starofredemptio00rose_meta.mrc |
LEADER: 01190cam 2200373Ma 4500
001 ocn318271229
003 OCoLC
005 20191218085704.0
008 041110r19852002inu 001 0 eng d
040 $aZZAND$bspa$cZZAND$dOCLCQ$dESEHU
020 $a0268017182
020 $a9780268017187
035 $a(OCoLC)318271229
041 1 $aspa$hger
080 $a296
082 04 $a296.3$bR572$220
100 1 $aRosenzweig, Franz,$d1886-1929.
245 14 $aThe star of redemption /$cby Franz Rosenzweig ; translated from the 2a edition of 1930 by William W. Hallo.
260 $aNotre Dame, Indiana :$bUniversity of Notre Dame Press,$c℗♭1985.
300 $axviii, 445 p. ;$c22 cm
336 $atexto$btxt$2rdacontent/spa
337 $asin mediacio n$bn$2rdamedia/spa
500 $aIncluye i ndices.
500 $aReimpresio n de 2002.
500 $aDer stern der erlo sung.
650 0 $aJudai smo.
650 0 $aCosmologi a.
650 0 $aFilosofi a judi a.
650 0 $aFilosofi a de la religio n.
650 4 $aJudai smo.
650 4 $aCosmologi a judi a.
650 4 $aReligio n$xFilosofi a.
994 $aZ0$bP4A
948 $hNO HOLDINGS IN P4A - 2 OTHER HOLDINGS